00211nam a2200085Ia 4500008004100000245004400041260002200085440000600107521001200113140130s9999 xx 000 0 und d cLillie, PatriciaaWhen this box is full bScholastic,c1993 v1 aGrade 1